Research methods and statistical techniques in library and information science

Đã lưu trong:
书目详细资料
主要作者: Negi, M. S.
格式: 图书
语言:Undetermined
出版: Darya Ganj, New Delhi Shree 2005
主题:
标签: 添加标签
没有标签, 成为第一个标记此记录!
Thư viện lưu trữ: Trung tâm Học liệu Trường Đại học Cần Thơ
LEADER 00552nam a2200193Ia 4500
001 CTU_124833
008 210402s9999 xx 000 0 und d
020 |c 32.00 
082 |a 020 
082 |b N384 
100 |a Negi, M. S. 
245 0 |a Research methods and statistical techniques in library and information science 
245 0 |c M. S. Negi 
260 |a Darya Ganj, New Delhi 
260 |b Shree 
260 |c 2005 
650 |a Library science,Information science 
904 |i Minh 
980 |a Trung tâm Học liệu Trường Đại học Cần Thơ